| 000 | 01793cam a2200373 a 4500 | ||
|---|---|---|---|
| 001 | 15799718 | ||
| 003 | OSt | ||
| 005 | 20230627115559.0 | ||
| 008 | 090701s2002 enkab b 001 0 eng | ||
| 010 | _a 2009349739 | ||
| 020 | _a9789280721010 | ||
| 020 | _a9280721011 | ||
| 035 | _a(OCoLC)ocm50575642 | ||
| 040 |
_aOVP _cOVP _dDIV _dCLU _dMUQ _dUNA _dBAKER _dNLGGC _dYDXCP _dI7R _dAU@ _dDLC |
||
| 042 |
_alccopycat _alcode |
||
| 043 | _af------ | ||
| 050 | 0 | 0 |
_aGE160.A35 _bA35 2002 |
| 082 | 0 | 4 |
_a333.7096 _222 _bUNEP |
| 245 | 0 | 0 |
_aAfrica environment outlook : _bpast, present, and future perspectives. |
| 260 |
_aStevenage, Hertfordshire : _bEarthprint for and on behalf of the United Nations Environment Programme, _c2002. |
||
| 300 |
_axxii, 422 p. : _bcol. ill, col. maps ; _c28 cm. |
||
| 500 | _aProduced by AMCEN/UNEP in collaboration with various AEO collaborating centres. | ||
| 504 | _aIncludes bibliographical references and index. | ||
| 505 | 0 | _aEnvironment and development in Africa: 1972-2002 -- The state of Africa's environment and policy analysis : Atmosphere ; Biodiversity ; Coastal and marine environments ; Forests ; Freshwater ; Land ; Urban areas -- Human vulnerability to environmental change -- Outlook 2002-2032 -- Policy responses, analysis and action. | |
| 530 | _aAlso available online. | ||
| 650 | 0 |
_aEnvironmental policy _zAfrica. |
|
| 651 | 0 |
_aAfrica _xEnvironmental conditions. |
|
| 710 | 2 | _aUnited Nations Environment Programme. | |
| 710 | 2 | _aAMCEN Secretariat. | |
| 856 | 4 | 1 |
_uhttp://bibpurl.oclc.org/web/3487 _uhttp://www.unep.org/aeo/ |
| 906 |
_a7 _bcbc _ccopycat _d3 _encip _f20 _gy-gencatlg |
||
| 942 |
_2ddc _cBK |
||
| 999 |
_c2861 _d2861 |
||